000
002440000a22000970004500
100
1
_a
Chilton, Bruce D.
245
1
0
_a
Jesus and the repentance of E.P. Sanders
300
_a
Num 39 (1988), Páginas 1-18
773
0
_t
Tyndale Bulletin
942
_c
ANA
999
_c
56684
_d
56684